|
|
|
|
| LEADER |
03107nam a2200553 4500 |
| 001 |
978-3-030-06158-6 |
| 003 |
DE-He213 |
| 005 |
20191220130548.0 |
| 007 |
cr nn 008mamaa |
| 008 |
190104s2019 gw | s |||| 0|eng d |
| 020 |
|
|
|a 9783030061586
|9 978-3-030-06158-6
|
| 024 |
7 |
|
|a 10.1007/978-3-030-06158-6
|2 doi
|
| 040 |
|
|
|d GrThAP
|
| 050 |
|
4 |
|a TK5105.5-5105.9
|
| 072 |
|
7 |
|a UKN
|2 bicssc
|
| 072 |
|
7 |
|a COM075000
|2 bisacsh
|
| 072 |
|
7 |
|a UKN
|2 thema
|
| 082 |
0 |
4 |
|a 004.6
|2 23
|
| 245 |
1 |
0 |
|a Wireless Internet
|h [electronic resource] :
|b 11th EAI International Conference, WiCON 2018, Taipei, Taiwan, October 15-16, 2018, Proceedings /
|c edited by Jiann-Liang Chen, Ai-Chun Pang, Der-Jiunn Deng, Chun-Cheng Lin.
|
| 250 |
|
|
|a 1st ed. 2019.
|
| 264 |
|
1 |
|a Cham :
|b Springer International Publishing :
|b Imprint: Springer,
|c 2019.
|
| 300 |
|
|
|a XII, 402 p. 158 illus., 121 illus. in color.
|b online resource.
|
| 336 |
|
|
|a text
|b txt
|2 rdacontent
|
| 337 |
|
|
|a computer
|b c
|2 rdamedia
|
| 338 |
|
|
|a online resource
|b cr
|2 rdacarrier
|
| 347 |
|
|
|a text file
|b PDF
|2 rda
|
| 490 |
1 |
|
|a Lecture Notes of the Institute for Computer Sciences, Social Informatics and Telecommunications Engineering,
|x 1867-8211 ;
|v 264
|
| 520 |
|
|
|a This book constitutes the refereed post-conference proceedings of the 11th International Conference on Wireless Internet , WiCON 2018, held in Taipei, Taiwan, in October 2018. The 36 full papers were selected from 79 submissions and are grouped into the following topics: wireless network, artificial intelligence, security, IoT, location-based services, financial applicatiosn, vehicular ad hoc network, services and applications.
|
| 650 |
|
0 |
|a Computer communication systems.
|
| 650 |
|
0 |
|a Computers.
|
| 650 |
|
0 |
|a Data protection.
|
| 650 |
|
0 |
|a Artificial intelligence.
|
| 650 |
1 |
4 |
|a Computer Communication Networks.
|0 http://scigraph.springernature.com/things/product-market-codes/I13022
|
| 650 |
2 |
4 |
|a Information Systems and Communication Service.
|0 http://scigraph.springernature.com/things/product-market-codes/I18008
|
| 650 |
2 |
4 |
|a Security.
|0 http://scigraph.springernature.com/things/product-market-codes/I28000
|
| 650 |
2 |
4 |
|a Artificial Intelligence.
|0 http://scigraph.springernature.com/things/product-market-codes/I21000
|
| 700 |
1 |
|
|a Chen, Jiann-Liang.
|e editor.
|4 edt
|4 http://id.loc.gov/vocabulary/relators/edt
|
| 700 |
1 |
|
|a Pang, Ai-Chun.
|e editor.
|4 edt
|4 http://id.loc.gov/vocabulary/relators/edt
|
| 700 |
1 |
|
|a Deng, Der-Jiunn.
|e editor.
|4 edt
|4 http://id.loc.gov/vocabulary/relators/edt
|
| 700 |
1 |
|
|a Lin, Chun-Cheng.
|e editor.
|4 edt
|4 http://id.loc.gov/vocabulary/relators/edt
|
| 710 |
2 |
|
|a SpringerLink (Online service)
|
| 773 |
0 |
|
|t Springer eBooks
|
| 776 |
0 |
8 |
|i Printed edition:
|z 9783030061579
|
| 776 |
0 |
8 |
|i Printed edition:
|z 9783030061593
|
| 830 |
|
0 |
|a Lecture Notes of the Institute for Computer Sciences, Social Informatics and Telecommunications Engineering,
|x 1867-8211 ;
|v 264
|
| 856 |
4 |
0 |
|u https://doi.org/10.1007/978-3-030-06158-6
|z Full Text via HEAL-Link
|
| 912 |
|
|
|a ZDB-2-SCS
|
| 912 |
|
|
|a ZDB-2-LNS
|
| 950 |
|
|
|a Computer Science (Springer-11645)
|